MARC

LEADER 00000nam0a2200000 4500
001 120054
005 20231101215600.0
035 |a (RuTPU)RU\TPU\book\129978 
090 |a 120054 
100 |a 20070816d1971 km y0rusy50 ca 
101 0 |a rus 
102 |a RU 
105 |a a z 001zy 
200 1 |a Техника и методы управления траекторией ствола наклонных скважин  |f Ю. А. Аронов, Ю. С. Васильев, А. Г. Калинин  |g Всесоюзный научно-исследовательский институт организации, управления и экономики нефтегазовой промышленности 
210 |a Москва  |c ВНИИОЭНГ  |d 1971 
215 |a 87 с.  |c ил. 
225 1 |a Бурение 
320 |a Библиогр.: с. 86. 
606 |a Бурение турбинное, направленное  |2 stltpush  |3 (RuTPU)RU\TPU\subj\30394  |9 53509 
610 1 |a горное дело 
610 1 |a бурение 
610 1 |a турбинное бурение 
610 1 |a наклонно направленные скважины 
610 1 |a наклонно-направленное бурение 
610 1 |a техника 
610 1 |a методы 
610 1 |a управление 
610 1 |a траектории 
675 |a 622.243.23  |v 3 
700 1 |a Аронов  |b Ю. А.  |g Юрий Александрович 
701 1 |a Васильев  |b Ю. С.  |g Юрий Сергеевич 
701 1 |a Калинин  |b А. Г.  |g Анатолий Георгиевич 
712 0 2 |a Всесоюзный научно-исследовательский институт организации, управления и экономики нефтегазовой промышленности  |2 stltpush  |3 (RuTPU)RU\TPU\col\7962  |9 24439 
801 1 |a RU  |b 63413507  |c 20070816  |g PSBO 
801 2 |a RU  |b 63413507  |c 20180116  |g PSBO 
942 |c BK